ბათუმის შოთა რუსთაველის სახელმწიფო უნივერსიტეტის ბიბლიოთეკა

Finance:Book1.Book2.Book2 (ბიბ.ჩანაწერი № 49256)

000 -LEADER
fixed length control field 00603nam a2200241Ia 4500
001 - CONTROL NUMBER
control field 16170
003 - CONTROL NUMBER IDENTIFIER
control field GE_BSU
008 - FIXED-LENGTH DATA ELEMENTS--GENERAL INFORMATION
fixed length control field 181216s||||||||xx |||||||||||||| ||und||
020 ## - INTERNATIONAL STANDARD BOOK NUMBER
International Standard Book Number 9781780986456
040 ## - CATALOGING SOURCE
Transcribing agency GE_BSU
080 ## - UNIVERSAL DECIMAL CLASSIFICATION NUMBER
Universal Decimal Classification number 811.111+336
100 ## - MAIN ENTRY--PERSONAL NAME
Personal name Evans,Virginia. Dooley,J. Ketan C.Patel
245 ## - TITLE STATEMENT
Title Finance:Book1.Book2.Book2
260 ## - PUBLICATION, DISTRIBUTION, ETC.
Place of publication, distribution, etc. Newbury
260 ## - PUBLICATION, DISTRIBUTION, ETC.
Name of publisher, distributor, etc. Express Publishing
260 ## - PUBLICATION, DISTRIBUTION, ETC.
Date of publication, distribution, etc. 2012
300 ## - PHYSICAL DESCRIPTION
Extent 127p.ill.30cm.
653 ## - INDEX TERM--UNCONTROLLED
Uncontrolled term Finance
653 ## - INDEX TERM--UNCONTROLLED
Uncontrolled term ინგლისური ენა
653 ## - INDEX TERM--UNCONTROLLED
Uncontrolled term ფინანსები
942 ## - ADDED ENTRY ELEMENTS (KOHA)
Koha item type წიგნი
ეგზემპლარები
Withdrawn status Lost status Damaged status Not for loan Date acquired Barcode Date last seen Price effective from Koha item type
        2018-12-17 40437 2018-12-17 2018-12-17 წიგნი